An introduction to microwave measurements (Record no. 588292)
[ view plain ]
| 000 -LEADER | |
|---|---|
| fixed length control field | 01341cam a2200229 i 4500 |
| 020 ## - INTERNATIONAL STANDARD BOOK NUMBER | |
| International Standard Book Number | 9781138749610 |
| 082 00 - DEWEY DECIMAL CLASSIFICATION NUMBER | |
| Classification number | 621.3813 |
| 100 1# - MAIN ENTRY--PERSONAL NAME | |
| Personal name | Basu, Ananjan. |
| 245 13 - TITLE STATEMENT | |
| Title | An introduction to microwave measurements |
| Statement of responsibility, etc. | Ananjan Basu. |
| 260 ## - PUBLICATION, DISTRIBUTION, ETC. | |
| Place of publication, distribution, etc. | Boca Raton |
| Name of publisher, distributor, etc. | CRC Press |
| Date of publication, distribution, etc. | 2015. |
| 300 ## - PHYSICAL DESCRIPTION | |
| Extent | xv, 303 pages : |
| Other physical details | illustrations ; |
| Dimensions | 24 cm |
| 650 #0 - SUBJECT ADDED ENTRY--TOPICAL TERM | |
| Topical term or geographic name entry element | Microwave measurements. |
| 650 #0 - SUBJECT ADDED ENTRY--TOPICAL TERM | |
| Topical term or geographic name entry element | Radio measurements. |
| 650 #7 - SUBJECT ADDED ENTRY--TOPICAL TERM | |
| Topical term or geographic name entry element | TECHNOLOGY & ENGINEERING / Electronics / Circuits / General. |
| 650 #7 - SUBJECT ADDED ENTRY--TOPICAL TERM | |
| Topical term or geographic name entry element | TECHNOLOGY & ENGINEERING / Microwaves. |
| 650 #7 - SUBJECT ADDED ENTRY--TOPICAL TERM | |
| Topical term or geographic name entry element | TECHNOLOGY & ENGINEERING / Mobile & Wireless Communications. |
| 942 ## - ADDED ENTRY ELEMENTS (KOHA) | |
| Source of classification or shelving scheme | |
| Koha item type | Book |
| 650 #0 - SUBJECT ADDED ENTRY--TOPICAL TERM | |
| -- | 89672 |
| 650 #0 - SUBJECT ADDED ENTRY--TOPICAL TERM | |
| -- | 89673 |
| 650 #7 - SUBJECT ADDED ENTRY--TOPICAL TERM | |
| -- | 89674 |
| 650 #7 - SUBJECT ADDED ENTRY--TOPICAL TERM | |
| -- | 89675 |
| 650 #7 - SUBJECT ADDED ENTRY--TOPICAL TERM | |
| -- | 89676 |
| Withdrawn status | Lost status | Source of classification or shelving scheme | Damaged status | Not for loan | Permanent Location | Current Location | Date acquired | Total Checkouts | Full call number | Barcode | Date last seen | Price effective from | Koha item type |
|---|---|---|---|---|---|---|---|---|---|---|---|---|---|
| Central Library (CL) | Central Library (CL) | 02/25/2022 | 621.3813 BAS | CL-977 | 02/25/2022 | 02/25/2022 | Book |
